| 000 | 01916nam0a2200373 4500 | ||
|---|---|---|---|
| 001 | RU\NLR\bibl\1191465 | ||
| 005 | 20260405150916.0 | ||
| 010 |
_a978-5-9274-0297-7 _9200 |
||
| 021 |
_aRU _b2007-92753 _95013 |
||
| 035 | _a(nilc)EL/0000164919 | ||
| 035 | _a(NLR Aleph) 001178016 | ||
| 090 |
_a1639405 _c1639405 |
||
| 100 | _a20080105d2007 |||y0rusy50 ca | ||
| 101 | 0 | _arus | |
| 102 | _aRU | ||
| 105 | _aa ||||||||| | ||
| 200 | 1 |
_aИнновационный путь развития Республики Карелия _fА.Е. Курило, Е.Г. Немкович, П.В. Дружинин [и др.] _gКарел. науч. центр Рос. акад. наук, Ин-т экономики |
|
| 210 |
_aПетрозаводск _cКарельский научный центр РАН _d2007 |
||
| 215 |
_a161, [1] с. _cил. _d20 |
||
| 300 | _aНа обороте тит.л. авт.: А. Е. Курило, к.э.н., Е. Г. Немкович, к.т.н., П. В. Дружинин, к.т.н. [и др.] | ||
| 320 | _aБиблиогр. в конце кн. и в подстроч. примеч. | ||
| 606 | 1 |
_aИнновационная деятельность _yКарелия, Республика _92505043 _3RU\NLR\auth\661485467 |
|
| 686 |
_a65.9(2Рос.Кар)-551я431 _vLBC/M _2rubbk |
||
| 686 | _aУ9(2)-55(2Р-6Кар) | ||
| 701 | 1 |
_4070 _8rus _7ca _aКурило _bА. Е. _f1965- _gАнна Евгеньевна _3RU\NLR\auth\7762149 _945079 |
|
| 701 | 1 |
_4070 _8rus _7ca _aНемкович _bЕ. Г. _f1939- _gЕвгений Григорьевич _3RU\NLR\auth\7762151 _945081 |
|
| 701 | 1 |
_4070 _8rus _7ca _aДружинин _bП. В. _f1956- _gПавел Васильевич _3RU\NLR\auth\7762152 _945082 |
|
| 801 | 0 |
_aRU _bНБР Карелия _c20080105 _grcr |
|
| 801 | 1 |
_aRU _bНБР Карелия _c20080105 |
|
| 801 | 2 |
_aRU _bNLR _c20080221 _grcr |
|
| 942 | _cBOOK | ||
| 980 | _aNB | ||
| 980 | _aNBR | ||